000 01237nam a2200253Ia 4500
999 _c34534
_d34534
001 289
003 GE_BSU
005 20191203162901.0
008 181216s2009||||ge |||||||||||||| ||geo||
020 _a9789941125300
040 _cGE_BSU
041 _ageo
080 _a94(410.1) ბ-45
100 _aბელთაძე-ხინიკაძე, იზოლდა
_91713
245 _aინგლისის სავაჭრო კომპანიები და კოლონიური ექსპანსია (XV-XVII ს. დასაწყისში) /
_cიზოლდა ბელთაძე-ხინიკაძე ; რედ. მ. პაპაშვილი.
264 _aთბილისი :
_bუნივერსალი,
_c2009.
300 _a199 გვ.;
_b20სმ.
500 _a შენიშვნები: გვ. 197-199.
504 _a ბიბლიოგრ.: გვ. 182-196.
653 _aინგლისის სავაჭრო კომპანიები
653 _a ინგლისის კოლონიური ექსპანსია
700 _aპაპაშვილი, მ.
_eრედაქტორი
_91714
942 _cBK
_2udc